Neu- und Alte Andachten, Zu grösserer Ehr Gottes, Auss Unterschiedlichen Alt- und Neuen Hand-Büchlen gezogen : Zum Trost und Hülff Aller Tugend-ergebenen, auch Neuangehenden eyferigen Dienern und Dienerinnen Gottes, Zusammen geschrieben von dem ... T.1. /

Hlavní autor: Stern, Vinzenz
Jazyk: Němčina
Vydáno: Eger : Joh. Aug. Orwansky, 1732
Témata:
Fyzický popis: [20], 43 s. ; 8°
Knihy
Uloženo v:
LEADER 01558nam a22003377a 4500
001 mzk03001224113
003 CZ BrMZK
005 20160126130451.0
007 ta
008 090521s1732 xr fr|||||00| ||gerod
040 |a BOA001  |b cze  |c BOA001 
072 7 |a 094  |x Staré tisky  |2 Konspekt  |9 12 
080 |a (0.068)094  |2 MRF 
100 1 |a Stern, Vinzenz  |4 aut 
245 1 0 |a Neu- und Alte Andachten, Zu grösserer Ehr Gottes, Auss Unterschiedlichen Alt- und Neuen Hand-Büchlen gezogen :  |b Zum Trost und Hülff Aller Tugend-ergebenen, auch Neuangehenden eyferigen Dienern und Dienerinnen Gottes, Zusammen geschrieben von dem ...  |n T.1. /  |c F.V.S.F. 
260 |a Eger :  |b Joh. Aug. Orwansky,  |c 1732 
300 |a [20], 43 s. ;  |c 8° 
501 |a Obsahuje: Přívazky stejného titulu 2. - 6. díl 
655 7 |a staré tisky  |7 fd422076  |2 czenas 
903 |a RP 
910 |a BOE452  |b Mn 
978 |b Orwansky, Johann Augustin  |a Cheb  |c 1732 
984 |a Cheb  |b Česko 
985 |a 1701-1750 
990 |a BK 
991 |k minorite 
994 |a DN  |l MZK03  |b 001224114  |m záznam 1. díla (pro objednání pokračujte kliknutím)  |n přívazek 1 
994 |a DN  |l MZK03  |b 001224115  |m záznam 1. díla (pro objednání pokračujte kliknutím)  |n přívazek 2 
994 |a DN  |l MZK03  |b 001224116  |m záznam 1. díla (pro objednání pokračujte kliknutím)  |n přívazek 3 
994 |a DN  |l MZK03  |b 001224117  |m záznam 1. díla (pro objednání pokračujte kliknutím)  |n přívazek 4 
994 |a DN  |l MZK03  |b 001224118  |m záznam 1. díla (pro objednání pokračujte kliknutím)  |n přívazek 5